=LDR 00000nam 2200000 4500 =001 INLIS000000000063078 =005 20240131091654 =035 ##$$a 0010-0124000025 =007 ta =008 240131################g##########0#ind## =020 ##$$a 978-602-9212-68-6 =082 ##$$a 745.5 =084 ##$$a 745.5 Ran h =245 ##$$a Handmade Accessoris Panduan Berkreasi dan Berbisnis /$c Rani Anggraini Herawan; Editor, Fachmi Casofa =250 ##$$a Cet.1 =300 ##$$a 80 halaman : $b Ilustrasi ; $c 24 Cm. =700 #$$a Fachmi Casofa (Editor) =600 #4$$a Kerjinan Tangan =264 ##$$a Solo :$b Metagraf,$c 2013 =336 ##$$a Teks$2 rdacontent =337 ##$$a tanpa perantara$2 rdamedia =338 ##$$a volume$2 rdacarrier =990 ##$$a 3202400016 =990 ##$$a 3202400017 =990 ##$$a 3202400018